| 000 | 00581ata a2200205 4500 | ||
|---|---|---|---|
| 005 | 20161003100258.0 | ||
| 008 | 150610b xxu||||| |||| 00| 0 spa d | ||
| 020 | _a99689514 | ||
| 041 | _aspa | ||
| 082 | _a388.46 C331t | ||
| 100 |
_aCarvajal Alvarado, Guillermo _97044 |
||
| 245 | _aEl tranvía de la ciudad de San José en la historia de Costa Rica | ||
| 260 |
_aCosta Rica _bAlma Mater _c2008 |
||
| 300 | _a172 páginas | ||
| 650 |
_aCOSTA RICA _924058 |
||
| 650 |
_aTRANVÍA _919790 |
||
| 650 |
_aSAN JOSÉ _91091 |
||
| 650 |
_aHISTORIA COSTARRICENSE _923939 |
||
| 942 | _cBK | ||
| 999 |
_c2754 _d2754 |
||